Boston Celtics 2024-2025 Roster - Statistics

General Stats
  • This quiz has been taken 227 times
    133 since last reset
  • The average score is 11 of 16
Answer Stats
Jersey # Answer % Correct
7 Jaylen Brown
100%
0 Jayson Tatum
99%
4 Jrue Holiday
97%
9 Derrick White
96%
11 Payton Pritchard
94%
8 Kristaps Porzingis
93%
42 Al Horford
88%
30 Sam Hauser
78%
40 Luke Kornet
76%
27 Jordan Walsh
74%
88 Neemias Queta
71%
55 Baylor Scheierman
47%
26 Xavier Tillman
45%
20 JD Davison
41%
13 Drew Peterson
36%
28 Anton Watson
12%
No matching quizzes found
Score Distribution
Percent of People with Each Score
Percentile by Number Answered
Your Score History
You have not taken this quiz since the last reset